VALORANT Guns - Statistics

General Stats
  • This quiz has been taken 2,192 times
    1,528 since last reset
  • The average score is 15 of 18
Answer Stats
Hint Answer % Correct
Rifles Vandal
94%
Rifles Phantom
92%
Sidearms Ghost
91%
Sidearms Classic
90%
Sidearms Sheriff
86%
Sniper Rifles Operator
84%
Shotguns Bucky
83%
Sidearms Shorty
83%
Sidearms Frenzy
82%
SMGs Spectre
80%
Machine Guns Odin
79%
Sniper Rifles Marshal
78%
SMGs Stinger
77%
Rifles Bulldog
75%
Shotguns Judge
75%
Rifles Guardian
73%
Machine Guns Ares
68%
Sniper Rifles Outlaw
67%
No matching quizzes found
Score Distribution
Percent of People with Each Score
Percentile by Number Answered
Your Score History
You have not taken this quiz since the last reset